BAFTA Award for Best Actress in a Supporting Role - Statistics

General Stats
  • This quiz has been taken 32 times
  • The average score is 14 of 48
Answer Stats
Year Actress % Correct
1999 Maggie Smith
92%
1998 Judi Dench
88%
1988 Judi Dench
88%
1986 Judi Dench
88%
2015 Kate Winslet
83%
1995 Kate Winslet
83%
2004 Cate Blanchett
67%
2010 Helena Bonham Carter
54%
2000 Julie Walters
54%
2003 Renée Zellweger
50%
1974 Ingrid Bergman
46%
2013 Jennifer Lawrence
46%
2012 Anne Hathaway
42%
1972 Cloris Leachman
38%
2016 Viola Davis
38%
2002 Catherine Zeta-Jones
33%
2008 Penélope Cruz
33%
1996 Juliette Binoche
29%
2011 Octavia Spencer
29%
2001 Jennifer Connelly
25%
1976 Jodie Foster
25%
2009 Mo'Nique
25%
2014 Patricia Arquette
25%
1990 Whoopi Goldberg
25%
2006 Jennifer Hudson
21%
1989 Michelle Pfeiffer
21%
2007 Tilda Swinton
21%
1994 Kristin Scott Thomas
17%
1978 Geraldine Page
13%
1982 Maureen Stapleton
13%
1979 Rachel Roberts
13%
1975 Diane Ladd
8%
1983 Jamie Lee Curtis
8%
1992 Miranda Richardson
8%
1993 Miriam Margolyes
8%
1997 Sigourney Weaver
8%
1970 Susannah York
8%
2005 Thandie Newton
8%
1968 Billie Whitelaw
4%
1977 Jenny Agutter
4%
1991 Kate Nelligan
4%
1971 Margaret Leighton
4%
1985 Rosanna Arquette
4%
1973 Valentina Cortese
4%
1969 Celia Johnson
0%
1984 Liz Smith
0%
1982 Rohini Hattangadi
0%
1987 Susan Wooldridge
0%
No matching quizzes found
Score Distribution
Percent of People with Each Score
Percentile by Number Answered
Your Score History
You have not taken this quiz